1534 1536 1445 1855 1471 1358 1841 1331 1768 1288 1105 1193 1036 1552 1605 1495 1366 1313 1176 1422 1949 1125 1917 1668 1584 1043 1454 1414 1744 1874 1168 1488 1399 1346 1970 1222 1549 1707 1804 1150 1330 1076 1430 1274 1457 1523 1516 1160 1813 1490 1274 1700 1060 1289 1781 1251 1634 1894 1819 1239 1315 1901 1774 1746 1567 1368 1949 1666 1474 1873 1395 1365 1452 1094 1427 1546 1094 1574 1507 1454 1556 1917 1892 1512 1537 1621 1508 1963 1245 1230 1389 1414 1222 1352 1308 1804 1630 1367 1301 BCNSPRNW ULIB Ver.6.0+V

เปลี่ยนเป็นภาษาไทย

Change to English
 แสดงรายละเอียดบรรณานุกรม
  กลับหน้าหลัก

Brief Record : Get Marc (ISO 2709) : E-mail record : QR code < ปิดหน้าต่าง
LEADER : 00000nam 2200000uu 4500
001    13399114052
003     ULIB
008    111128s2552||||th 000 0 tha d
020    ^a9786110600170
090    ^aนว.^bน319ช 2552
100 0  ^aซินฉ่ง
245 00 ^aชายาลับ/^cซินฉ่ง
250    ^aพิมพ์ครั้งที่ 1
260    ^aกรุงเทพฯ :^bแจ่มใส,^c2552
300    ^a202 หน้า
700 0  กระบี่หลงทิศ ;^eแปล
710 1  ^aแจ่มใส
945    ^p0^l0^i16430
995    ^aทศพร
999    ^aใช้งานได้ทุกระบบ
รายการนี้ยังไม่มีแท็ก
คุณยังไม่ได้ล็อกอิน คุณสามารถมีกิจกรรมร่วมกับเว็บไซต์ได้ แต่ต้องล็อกอินก่อน ::
  ล็อกอิน

รายการสื่อสารสนเทศ

ลำดับที่ ประเภท เลขเรียก/บาร์โค้ด สถานที่ สถานะ
1. นวนิยาย
นวนิยาย
นว. น319ช 2552  
  Barcode: 16430
ห้องสมุดวิทยาเขตสวรรค์ประชารักษ์
►นวนิยาย
บนชั้น
  ขอยืม

รายการใกล้เคียง
    ผู้แต่ง [ซินฉ่ง]

BibComment


ยังไม่เคยถูกคอมเมนท์

คอมเมนท์ทรัพยากรรายการนี้
  คอมเมนท์: ชายาลับ ซินฉ่ง


 Copyright 2026. Bcnsprnw @Library